000 00671nam a22002177a 4500
003 UA-OsUOA
001 61046
007 ta
008 20090615b un ||||| |||| 00| 0 ukr d
100 _aЛавріненко С.І.
090 _a330(477)
_bЛ13
942 _cSA
040 _aUA-OsUOA
_bukr
_cUA-OsUOA
_dUA-OsUOA
245 _aСучасний стан та перспективи розвитку трудових ресурсів України
300 _aС.115-128
955 _a0
041 _aukr
080 _a330(477)
773 0 _w61038
_tСтратегічні пріоритети
_dК.
_d2009
_g1
650 7 _a330 Економіка взагалі
_2UDC
999 _c347488
_d347488